01398aam a2200409 450000500170000000800410001702000150005804100080007308200170008110000220009810000270012024500500014725000160019726000130021326000160022626000090024230000180025149000270026950502250029665000600052165000270058165000290060865000140063765000190065165000210067065000350069165000100072665000180073665000160075465000210077065000260079165000530081765000530087065000310092365000110095465000230096520260428103040.0150720b2004 xxu||||| |||| 00| 0 spa d a9701046870 aESP a651.7 D352m3 aDelgado, Conchita aMaldonado Ruiz, Amelia aManual de referencia para la oficina moderna  a3 edición aMéxico bMcGraw-Hill c2004 a311 páginas aSecretariado Ejecutivo aParte I. Comunicación escrita. Parte II. Reglas tipográficas y de división de palabras. Parte III. La gramática aplicada a la comunicación escrita. Parte IV. Procedimientos administrativos. Parte V. Referencias aCOMUNICACIÓN CREACIÓN Y TRANSMISIÓN DE DOCUMENTOS aCOMUNICACIÓN ESCRITA aPRESENTACIÓN DE CARTAS aMEMORANDO aCARTA CIRCULAR aCURRICULUM VITAE aPROCEDIMIENTOS ADMINISTRATIVOS aACTAS aCONVOCATORIAS aMANUSCRITOS aTESIS E INFORMES aREGLAS TIPOGRÁFICAS aDIVISIÓN DE PALABRAS EN DOCUMENTOS COMERCIALES aGRAMÁTICA APLICADA A LA COMUNICACIÓN ESCRITA aGENERACIÓN DE DOCUMENTOS aAGENDA aTRABAJO DE OFICINA